Hindu social philosophy / (Record no. 132080)

MARC details
000 -LEADER
fixed length control field 00671nam a22002297a 4500
005 - DATE AND TIME OF LATEST TRANSACTION
control field 20170124110147.0
010 ## - LIBRARY OF CONGRESS CONTROL NUMBER
LC control number 979230
020 ## - INTERNATIONAL STANDARD BOOK NUMBER
Terms of availability 00.00
International Standard Book Number 0852263236
035 ## - SYSTEM CONTROL NUMBER
System control number 979230
037 ## - SOURCE OF ACQUISITION
Source of stock number/acquisition Cen Lib/Ret
040 ## - CATALOGING SOURCE
Original cataloging agency DPL
Language of cataloging EN
082 ## - DEWEY DECIMAL CLASSIFICATION NUMBER
Classification number 181.41
Item number GOP
100 ## - MAIN ENTRY--PERSONAL NAME
Personal name Gopalan, S.
9 (RLIN) 13011
245 ## - TITLE STATEMENT
Title Hindu social philosophy /
Statement of responsibility, etc by S. Gopalan
260 ## - PUBLICATION, DISTRIBUTION, ETC. (IMPRINT)
Place of publication, distribution, etc New Delhi
Name of publisher, distributor, etc Wiley Eastern
Date of publication, distribution, etc 1979
270 ## - ADDRESS
City New Delhi
Address 4835/24, ansari road, dariya ganj
Postal code 110002
300 ## - PHYSICAL DESCRIPTION
Extent 293p.
Dimensions 21cm(Hb)
500 ## - GENERAL NOTE
General note Includes glossary and index
650 ## - SUBJECT ADDED ENTRY--TOPICAL TERM
Topical term or geographic name as entry element Philosophy
9 (RLIN) 110556
650 ## - SUBJECT ADDED ENTRY--TOPICAL TERM
Topical term or geographic name as entry element Hindu philosophy
9 (RLIN) 110557
942 ## - ADDED ENTRY ELEMENTS (KOHA)
Source of classification or shelving scheme Dewey Decimal Classification
Koha item type English Books
Classification part 181.41
Call number suffix GOP
Holdings
Withdrawn status Lost status Damaged status Not for loan Home library Current library Date acquired Source of acquisition Cost, normal purchase price Total Checkouts Full call number Barcode Date last seen Copy number Cost, replacement price Price effective from Koha item type
        Central Library Central Library 16/07/2015 Cen Lib/Ret 0.00   181.41 GOP 979230 16/07/2015 1 0.00 15/09/2016 English Books

© Delhi Public Library
Hit Counter
free hit counter